00785cam a2200229 a 450000500170000000800390001702000160005602000180007204000500009004100080014006000110014824500800015926000630023930000540030250400530035665000310040965000230044065000230046365000170048670000250050370000270052820180312122243.0140827s2014 xxuad frb 001 0 eng a1450434339  a9781450434331 aCO-BoUCMbspacJose A. GerenadJose A. Gerena0 aeng 0aQT 25500aPhysical activity and mental healthceditado por Angela Clow, Sarah Edmunds aChampaign (Illinois, Estados Unidos)bHuman Kineticsc2014 a301 páginasbilustraciones, cuadros, gráficas aIncluye referencias bibliográficas e índices 7aAcondicionamiento físico 7aActividad física 7aEjercicio físico 7aSalud mental1 aClow, Angelaeeditor1 aEdmunds, Saraheeditor